00365nam a2200145Ia 4500008004100000020001800041041000800059082001800067100001500085245001800100260002000118300000800138365001600146700005700162230714s9999 xx 000 0 und d a9790000000000 aeng a005.13'3bARO aArolkar H. aSimplifying C c2010bDreamtech a345 cRs.b249.00 aArolkar H., Jain S. & Kogent Learning Solutions Inc.